| 000 | 00558cam a2200181 4500500 | ||
|---|---|---|---|
| 005 | 20260405003801.0 | ||
| 041 | _afre | ||
| 042 | _adc | ||
| 100 | 1 | 0 |
_aEltchaninoff, Michel _eauthor |
| 245 | 0 | 0 | _aSuperfaible. Penser au XXIe siècle |
| 260 | _c2023. | ||
| 500 | _a71 | ||
| 690 | _aCritique | ||
| 690 | _aLaurent de Sutter | ||
| 690 | _aModernité | ||
| 786 | 0 | _nPhilosophie magazine | 173 | 10 | 2023-10-01 | p. 60-62 | 1951-1787 | |
| 856 | 4 | 1 | _uhttps://shs.cairn.info/magazine-philosophie-magazine-2023-10-page-60?lang=fr&redirect-ssocas=7080 |
| 999 |
_c2070795 _d2070795 |
||